U.S. Cities with the Highest Homicide Rate - Statistics

General Stats
  • This quiz has been taken 48 times
  • The average score is 11 of 20
Answer Stats
City # per 100k % Correct
Baltimore 34.77
84%
Detroit 31.17
84%
St. Louis 54.09
78%
Memphis 40.61
73%
Cleveland 30.05
69%
Washington D.C. 25.49
69%
Indianapolis 19.98
67%
Cincinnati 21.82
64%
Milwaukee 23.91
62%
Kansas City 27.56
56%
Louisville 21.72
53%
Albuquerque 18.43
51%
Birmingham 58.85
51%
Minneapolis 17.95
51%
Richmond 24.16
42%
Oakland 18.62
40%
Montgomery 18.07
36%
Dayton 29.66
16%
Shreveport 26.89
16%
Lancaster 17.68
0%
No matching quizzes found
Score Distribution
Percent of People with Each Score
Percentile by Number Answered
Your Score History
You have not taken this quiz